000 00568nam a22001937a 4500
005 20251108164041.0
008 250721s1992 xx 000 0 ara d
082 1 4 _a216,8/سمي
100 1 _aهندي، سمير محمد
245 1 0 _aالإشتباه و حرية المواطن :
_bبين الفقه الإسلامي و القانون الوضعي /
264 _c1992.
300 _a450ص
650 1 7 _aالإسلام
650 1 7 _aالفقه
650 1 7 _aالعقوبات
650 1 7 _aالقانون الجنائي
942 _2ddc
_cBK
999 _c2379
_d2379